Problemas de urbanización en América Latina / (Record no. 176968)

MARC details
000 -LEADER
campo de control de longitud fija 01113nam a22002775i 4500
001 - NÚMERO DE CONTROL
campo de control 176968
003 - IDENTIFICADOR DE NÚMERO DE CONTROL
campo de control ES-MaACL
005 - FECHA Y HORA DE LA ÚLTIMA TRANSACCIÓN
campo de control 20230906220225.0
008 - DATOS DE LONGITUD FIJA--INFORMACIÓN GENERAL
campo de control de longitud fija 110222s1963 sz abd |||| | spa d
080 ## - NÚMERO DE LA CLASIFICACIÓN DECIMAL UNIVERSAL
Número de la Clasificación Decimal Universal 71(8)
100 1# - ENTRADA PRINCIPAL--NOMBRE DE PERSONA
Nombre de persona Calderón Alvarado, Luis.
9 (RLIN) 33606
245 10 - MENCIÓN DEL TÍTULO
Título Problemas de urbanización en América Latina /
Mención de responsabilidad, etc. por Luis Calderón ; y la colaboración de Jaime Dorselaer y Arturo Calle.
260 ## - PUBLICACIÓN, DISTRIBUCIÓN, ETC.
Lugar de publicación, distribución, etc. Friburgo :
Nombre del editor, distribuidor, etc. Oficina Internacional de Investigaciones Sociales de Feres,
Fecha de publicación, distribución, etc. 1963.
300 ## - DESCRIPCIÓN FÍSICA
Extensión 240 p. , [14] h. pleg. :
Otras características físicas il. ;
Dimensiones 22 cm.
490 1# - MENCIÓN DE SERIE
Mención de serie Estudios sociológicos latino-americanos ;
Designación de volumen o secuencia 13
500 ## - NOTA GENERAL
Nota general Índices.
650 #4 - PUNTO DE ACCESO ADICIONAL DE MATERIA--TÉRMINO DE MATERIA
Término de materia o nombre geográfico como elemento de entrada Urbanización-
Subdivisión geográfica América Latina.
9 (RLIN) 167706
650 ## - PUNTO DE ACCESO ADICIONAL DE MATERIA--TÉRMINO DE MATERIA
Término de materia o nombre geográfico como elemento de entrada Urbanismo-
Subdivisión geográfica América Latina.
9 (RLIN) 17694
650 #4 - PUNTO DE ACCESO ADICIONAL DE MATERIA--TÉRMINO DE MATERIA
Término de materia o nombre geográfico como elemento de entrada Sociología urbana-
Subdivisión geográfica América Latina.
9 (RLIN) 172484
700 1# - ENTRADA AGREGADA--NOMBRE PERSONAL
Nombre de persona Dorselaer, Jaime.
9 (RLIN) 145304
700 1# - ENTRADA AGREGADA--NOMBRE PERSONAL
Nombre de persona Calle, Arturo.
9 (RLIN) 145310
710 2# - ENTRADA AGREGADA--NOMBRE DE ENTIDAD CORPORATIVA
Nombre de entidad corporativa o nombre de jurisdicción como elemento de entrada Oficina Internacional de Investigaciones Sociales.
9 (RLIN) 172476
830 1# - PUNTO DE ACCESO ADICIONAL DE SERIE-TÍTULO UNIFORME
Título uniforme Estudios sociológicos latino-americanos ;
Designación de volumen o secuencia 13
9 (RLIN) 190305
852 ## - LOCALIZACIÓN
Ubicación ES-MaACL
Número de control de estantería E-14391
Encuadernación Olim P-972-bis
Holdings
Estatus retirado Estado de pérdida Estado de daño No para préstamo Biblioteca de origen Biblioteca actual Ubicación en estantería Fecha de adquisición Fuente de adquisición Total de préstamos Signatura topográfica completa Código de barras Visto por última vez Precio de reemplazo Tipo de ítem Koha
        Biblioteca del Ateneo de Madrid Biblioteca del Ateneo de Madrid Depósito 2 22/02/2011     E-14391 1185869 23/02/2023 23/02/2023 Libro impreso